Poemas de oficio diario / (Record no. 126759)

MARC details
000 -LEADER
campo de control de longitud fija 00979 a2200229 4500
003 - IDENTIFICADOR DE NÚMERO DE CONTROL
campo de control BJBSDDR
005 - FECHA Y HORA DE LA ÚLTIMA TRANSACCIÓN
campo de control 20260409145834.0
007 - CAMPO FIJO DE DESCRIPCIÓN FÍSICA--INFORMACIÓN GENERAL
campo de control de longitud fija ta
008 - DATOS DE LONGITUD FIJA--INFORMACIÓN GENERAL
campo de control de longitud fija 260409s2025 dr 00| 0 spa d
020 ## - NÚMERO INTERNACIONAL ESTÁNDAR DEL LIBRO
Número Internacional Estándar del Libro 9789945510928
020 ## - NÚMERO INTERNACIONAL ESTÁNDAR DEL LIBRO
Número Internacional Estándar del Libro 9945510924
040 ## - FUENTE DE CATALOGACIÓN
Lengua de catalogación spa
Centro/agencia transcriptor BJBSDDR
041 ## - CÓDIGO DE IDIOMA
Código de lengua del texto/banda sonora o título independiente spa
050 ## - SIGNATURA TOPOGRÁFICA DE LA BIBLIOTECA DEL CONGRESO
Número de ítem B654p 2025
100 1# - ENTRADA PRINCIPAL--NOMBRE DE PERSONA
Nombre de persona Blonda, Marcos A,
Fechas asociadas al nombre 1967-
9 (RLIN) 47865
245 10 - MENCIÓN DEL TÍTULO
Título Poemas de oficio diario /
Mención de responsabilidad, etc. Marcos A. Blonda.
260 ## - PUBLICACIÓN, DISTRIBUCIÓN, ETC.
Lugar de publicación, distribución, etc. Santo Domingo :
Nombre del editor, distribuidor, etc. Editora Nacional,
Fecha de publicación, distribución, etc. 2025.
300 ## - DESCRIPCIÓN FÍSICA
Extensión 105 páginas ;
Dimensiones 23 cm.
520 ## - RESUMEN, ETC.
Sumario, etc. Este poemario de Marcos A. Blonda utiliza la arquitectura y la ciudad como metáforas para explorar la soledad, el silencio y un amor que parece desvanecerse en lo cotidiano. A través de versos sugerentes y elegantes, el autor transforma los ritos diarios en una experiencia poética profunda y melancólica, invitando al lector a descifrar los misterios de la vida urbana y la búsqueda espiritual.
942 ## - ELEMENTOS DE ENTRADA SECUNDARIOS (KOHA)
Fuente del sistema de clasificación o colocación Clasificación de Library of Congress
Tipo de ítem Koha Libro
Suprimir en OPAC No
946 ## - PROCESAMIENTO DE INFORMACIÓN LOCAL (OCLC)
Iniciales del agente catalogador rmza
Holdings
Estatus retirado Estado de pérdida Fuente del sistema de clasificación o colocación Estado de daño No para préstamo Colección Biblioteca de origen Biblioteca actual Ubicación en estantería Fecha de adquisición Signatura topográfica completa Código de barras Visto por última vez Copia número Tipo de ítem Koha
    Clasificación de Library of Congress     Automatización y Procesos Técnicos Biblioteca Juan Bosch Biblioteca Juan Bosch Ciencias Sociales (3er. Piso) 09/04/2026 B654p 2025 00000183817 09/04/2026 1 Libro